| 000 | 00841nam a22002177a 4500 | ||
|---|---|---|---|
| 999 |
_c7778 _d7778 |
||
| 003 | AR-CdUCM | ||
| 008 | 190321b ||||| |||| 00| 0 spa d | ||
| 040 |
_aMUNICIPALIDAD PROVINCIAL DEL CUSCO _cBIBLIOTECA MUNICIPAL DEL CUSCO |
||
| 082 |
_a709.85 / _bSA12 |
||
| 100 |
_aSabogal, José _921983 |
||
| 245 | _aDel arte en el Perú y otros ensayos / | ||
| 260 |
_aLima : _bInstituto Nacional de Cultura, _c1975. |
||
| 300 |
_a159 páginas ; _c17 cm. |
||
| 505 | _aContenido: Del arte en el Perú -- Iberia -- La herramienta -- Artes populares peruanas -- Otros ensayos -- Técnicas pictóricas recopiladas por Sabogal. | ||
| 650 |
_aArte peruano _95992 |
||
| 650 |
_aEnsayos _9375 |
||
| 700 |
_aValcárcel , Luis Eduardo (Prólogo) _921984 |
||
| 710 |
_aInstituto Nacional de Cultura (Perú) _92016 |
||
| 942 |
_2ddc _cLIBROS |
||
| 945 | _araen | ||